<?xml version="1.0" encoding="UTF-8"?><?xml-stylesheet type="text/xsl" href="static/style.xsl"?><OAI-PMH xmlns="http://www.openarchives.org/OAI/2.0/" xmlns:xsi="http://www.w3.org/2001/XMLSchema-instance" xsi:schemaLocation="http://www.openarchives.org/OAI/2.0/ http://www.openarchives.org/OAI/2.0/OAI-PMH.xsd"><responseDate>2026-04-18T05:54:28Z</responseDate><request verb="GetRecord" identifier="oai:www.recercat.cat:2072/458479" metadataPrefix="marc">https://recercat.cat/oai/request</request><GetRecord><record><header><identifier>oai:recercat.cat:2072/458479</identifier><datestamp>2026-03-13T07:55:12Z</datestamp><setSpec>com_2072_98</setSpec><setSpec>col_2072_378192</setSpec></header><metadata><record xmlns="http://www.loc.gov/MARC21/slim" xmlns:dcterms="http://purl.org/dc/terms/" xmlns:xsi="http://www.w3.org/2001/XMLSchema-instance" xmlns:doc="http://www.lyncode.com/xoai" xsi:schemaLocation="http://www.loc.gov/MARC21/slim http://www.loc.gov/standards/marcxml/schema/MARC21slim.xsd">
   <leader>00925njm 22002777a 4500</leader>
   <datafield ind2=" " ind1=" " tag="042">
      <subfield code="a">dc</subfield>
   </datafield>
   <datafield ind2=" " ind1=" " tag="720">
      <subfield code="a">Caro Villar, Abigail</subfield>
      <subfield code="e">author</subfield>
   </datafield>
   <datafield ind2=" " ind1=" " tag="720">
      <subfield code="a">Planas, Núria</subfield>
      <subfield code="e">author</subfield>
   </datafield>
   <datafield ind2=" " ind1=" " tag="260">
      <subfield code="c">2021</subfield>
   </datafield>
   <datafield ind2=" " ind1=" " tag="520">
      <subfield code="a">Altres ajuts: Agencia Nacional de Investigación y Desarrollo / Beca Chile Magíster Profesionales de la Educación 77200019</subfield>
   </datafield>
   <datafield ind2=" " ind1=" " tag="520">
      <subfield code="a">En este artículo resumimos un estudio exploratorio sobre el conocimiento de contenidos de la materia de educación matemática en un entorno de formación inicial de profesorado; desde nuestro posicionamiento sociocultural, nos fijamos en el papel mediador de las lenguas matemáticas utilizadas en la instrucción y en los materiales curriculares, y escogemos contenidos relativos a lenguas matemáticamente relevantes para la enseñanza y el aprendizaje de la relación entre área y volumen. Con base en respuestas a un cuestionario, primero examinamos qué saben o anticipan las futuras maestras acerca de la función de la lengua en la enseñanza y el aprendizaje del contenido matemático específico. Luego amplificamos el análisis con entrevistas selectivas guiadas por respuestas al cuestionario. Los resultados muestran estudiantes con una comprensión débil de contenidos de la materia que habrán de enseñar -conceptos de área y volumen-, a la vez que iniciándose en la construcción de contenidos sobre cómo enseñar la materia -lenguas matemáticas para enseñar la relación entre área y volumen.</subfield>
   </datafield>
   <datafield ind2=" " ind1=" " tag="520">
      <subfield code="a">In this article, we report an exploratory study about the knowledge of mathematics education subject content in a setting of education preservice training; within our sociocultural positioning, we focus on the mediating role of mathematical languages used in instruction and curricular material, and choose content relative to mathematically-relevant languages for the teaching and learning of the relationship between area and volume. Based on responses from a questionnaire, we first examine what primary school student teachers know or anticipate of the function of language when teaching and learning the specific mathematical content. We then amplify the analysis by means of selective interviews guided by responses to the questionnaire. Our results show student teachers with weak understanding of contents of the subject to be taught -concepts of area and volume- while becoming initiated in the construction of contents on how to teach the subject -mathematical languages for teaching the area-volume relationship.</subfield>
   </datafield>
   <datafield tag="653" ind2=" " ind1=" ">
      <subfield code="a">Aproximación sociocultural</subfield>
   </datafield>
   <datafield tag="653" ind2=" " ind1=" ">
      <subfield code="a">Aprender a enseñar matemáticas</subfield>
   </datafield>
   <datafield tag="653" ind2=" " ind1=" ">
      <subfield code="a">Formación inicial del profesorado de matemáticas</subfield>
   </datafield>
   <datafield tag="653" ind2=" " ind1=" ">
      <subfield code="a">Relación área-volumen</subfield>
   </datafield>
   <datafield tag="653" ind2=" " ind1=" ">
      <subfield code="a">Lengua como recurso</subfield>
   </datafield>
   <datafield tag="653" ind2=" " ind1=" ">
      <subfield code="a">Sociocultural approach</subfield>
   </datafield>
   <datafield tag="653" ind2=" " ind1=" ">
      <subfield code="a">Learning to teach mathematics</subfield>
   </datafield>
   <datafield tag="653" ind2=" " ind1=" ">
      <subfield code="a">Mathematics teacher preservice</subfield>
   </datafield>
   <datafield tag="653" ind2=" " ind1=" ">
      <subfield code="a">Education</subfield>
   </datafield>
   <datafield tag="653" ind2=" " ind1=" ">
      <subfield code="a">Relationship between area and volume</subfield>
   </datafield>
   <datafield tag="653" ind2=" " ind1=" ">
      <subfield code="a">Language as resource</subfield>
   </datafield>
   <datafield ind2="0" ind1="0" tag="245">
      <subfield code="a">Estudio exploratorio con futuras maestras sobre lenguas matemáticas para enseñar la relación entre área y volumen</subfield>
   </datafield>
</record></metadata></record></GetRecord></OAI-PMH>